| 000 | 00708cam a2200253Mi 4500 | ||
|---|---|---|---|
| 001 | 92722 | ||
| 005 | 20230410101733.0 | ||
| 008 | 000101s2002 ht 000 0 fre d | ||
| 035 | _a(OCoLC)ocn250097595 | ||
| 040 |
_aGyGoGBV _erakwb _bger _cGBVCP |
||
| 020 | _a9993561746 | ||
| 020 | _a9789993561743 | ||
| 024 | 8 | _aSPKT778447 | |
| 035 | _a(OCoLC)250097595 | ||
| 050 | 1 | 4 |
_a110 PQ 3949.2 _bP216s 2002 |
| 100 | 1 |
_aPapillon, Margaret, _d1958- |
|
| 245 | 1 | 0 |
_aSortileges au carnaval de Jacmel : _broman / _cMargaret Papillon. |
| 260 |
_a[Port-au-Prince : _bImprimeur II], _c2002. |
||
| 300 | _a118 p. | ||
| 440 | 0 | _aCollection magique HaĆti | |
| 942 |
_2lcc _cbk |
||
| 994 |
_aC0 _bDRFGD |
||
| 966 | _aRCH | ||
| 999 |
_c13100 _d13100 |
||